[Event "Arad op 17th"]
[Site "Arad"]
[Date "2024.08.07"]
[Round "4"]
[White "Kraus, Tomas"]
[Black "Costache, Andrei Eugeniu"]
[Result "1-0"]
[WhiteElo "2462"]
[BlackElo "1929"]
[PlyCount "61"]
[EventDate "2024.08.05"]
[EventType "swiss"]
[EventRounds "9"]
[EventCountry "ROU"]
[SourceTitle "CB33_2024"]
[SourceDate "2024.08.14"]
[SourceVersion "1"]
[SourceVersionDate "2024.08.14"]
[SourceQuality "1"]

1. Nf3 c5 2. c4 Nc6 3. d4 cxd4 4. Nxd4 e5 5. Nb5 a6 6. Nd6+ Bxd6 7. Qxd6 Qe7 8. Qd2 Nf6 9. Nc3 0-0 10. e4 d6 11. Bd3 Rb8 12. 0-0 Nd4 13. Ne2 Ne6 14. a4 Nc5 15. Qc2 Be6 16. Nc3 b5 17. axb5 axb5 18. Nxb5 Rfc8 19. Ra7 Qd8 20. b3 Rxb5 21. cxb5 Bxb3 22. Qb1 Qb6 23. Ra3 Nxd3 24. Qxd3 Bc4 25. Qxc4 Rd8 26. Be3 Qb7 27. Ra7 d5 28. exd5 Qxd5 29. Qxd5 Nxd5 30. Rd1 g6 31. Bh6 1-0

[Event "Cap Aurora FISCA op"]
[Site "Cap Aurora"]
[Date "2022.06.22"]
[Round "1"]
[White "Costache, Andrei Eugeniu"]
[Black "Daianu, Cristian Clement"]
[Result "0-1"]
[WhiteElo "1479"]
[BlackElo "2149"]
[PlyCount "144"]
[EventDate "2022.06.22"]
[EventType "swiss"]
[EventRounds "9"]
[EventCountry "ROU"]
[SourceTitle "EXT 2023"]
[Source "ChessBase"]
[SourceDate "2022.10.05"]
[SourceVersion "1"]
[SourceVersionDate "2022.10.05"]
[SourceQuality "1"]

1. e4 c5 2. Nf3 d6 3. c3 Nf6 4. Be2 Nc6 5. d4 cxd4 6. cxd4 Nxe4 7. d5 Qa5+ 8. Nc3 Nxc3 9. bxc3 Ne5 10. Nxe5 dxe5 11. 0-0 g6 12. Qb3 Qc7 13. f4 Bg7 14. fxe5 0-0 15. e6 Qxc3 16. exf7+ Rxf7 17. Rxf7 Bd4+ 18. Kh1 Kxf7 19. Qxc3 Bxc3 20. Rb1 b6 21. Bc4 Kg7 22. Ba3 Bf5 23. Rb3 Bf6 24. Re3 Rc8 25. Ba6 Rc2 26. h3 Rxa2 27. Bc4 Ra1+ 28. Kh2 Kf8 29. d6 exd6 30. Bxd6+ Kg7 31. Re8 Kh6 32. Rf8 Bg7 33. Rf7 Ra4 34. Bb5 Rd4 35. Bc7 Rd5 36. Be2 Be5+ 37. Bxe5 Rxe5 38. Bf3 a5 39. h4 Be4 40. g4 g5 41. Bxe4 Rxe4 42. Rf6+ Kg7 43. Rxb6 Rxg4 44. Rb5 Rxh4+ 45. Kg3 Kg6 46. Rxa5 Rb4 47. Ra6+ Kh5 48. Ra3 Rb6 49. Ra8 Rb3+ 50. Kg2 Kh4 51. Ra6 Rb2+ 52. Kg1 h5 53. Ra1 g4 54. Rc1 Kh3 55. Rc3+ g3 56. Rc1 h4 57. Ra1 Rg2+ 58. Kh1 Rf2 59. Kg1 Kg4 60. Ra4+ Rf4 61. Ra1 Re4 62. Rb1 h3 63. Ra1 Kf3 64. Ra3+ Re3 65. Ra1 Rd3 66. Re1 Rd2 67. Kh1 Kf2 68. Rg1 Rd3 69. Rf1+ Ke2 70. Rg1 Rd1 71. Rxd1 Kxd1 72. Kg1 Ke2 0-1

[Event "ROM-ch U12"]
[Site "Eforie Nord"]
[Date "2022.04.18"]
[Round "9"]
[White "Leu, Dragos Stefan"]
[Black "Costache, Andrei Eugeniu"]
[Result "1/2-1/2"]
[WhiteElo "1615"]
[BlackElo "1479"]
[PlyCount "150"]
[EventDate "2022.04.11"]
[EventType "swiss"]
[EventRounds "9"]
[EventCountry "ROU"]
[SourceTitle "EXT 2023"]
[Source "ChessBase"]
[SourceDate "2022.10.05"]
[SourceVersion "1"]
[SourceVersionDate "2022.10.05"]
[SourceQuality "1"]

1. d4 d5 2. Nf3 Nf6 3. Bf4 c5 4. e3 Nc6 5. Nbd2 cxd4 6. exd4 Qb6 7. Nb3 Bg4 8. Be2 e6 9. h3 Bh5 10. Ne5 Bxe2 11. Qxe2 Be7 12. 0-0 0-0 13. Rfd1 Rfd8 14. Rac1 Rac8 15. c4 dxc4 16. Nxc6 Qxc6 17. Na5 Qd5 18. Nxc4 b5 19. Ne5 a6 20. a4 Rxc1 21. Bxc1 Bc5 22. axb5 axb5 23. Qxb5 Bxd4 24. Qxd5 Rxd5 25. Nd3 Kf8 26. Kf1 Bb6 27. Ke2 Ne4 28. Be3 Bxe3 29. Kxe3 Nd6 30. Ke2 Ke7 31. b4 Nb5 32. Kd2 Rd4 33. Ra1 Kf6 34. Ke3 Rd8 35. Rc1 Rd5 36. f4 Nd6 37. g4 Ne8 38. Nc5 Rd8 39. b5 Ke7 40. Rb1 Nc7 41. b6 Nd5+ 42. Kf3 Rb8 43. b7 Nc7 44. Rb6 Nd5 45. Ra6 Nb4 46. Ra7 Kd6 47. Ra8 Nc6 48. Rxb8 Nxb8 49. Ne4+ Kc6 50. Ng5 Kxb7 51. Nxf7 Kc6 52. Ng5 Kd5 53. Nxh7 Nc6 54. g5 Nd4+ 55. Kg4 e5 56. f5 e4 57. f6 gxf6 58. g6 Ne6 59. Kf5 e3 60. Nxf6+ Kd6 61. Ne4+ Ke7 62. Nc3 Nd4+ 63. Kg5 Kf8 64. h4 e2 65. Nxe2 Nxe2 66. h5 Ng3 67. h6 Ne4+ 68. Kf5 Ng3+ 69. Kg4 Ne4 70. Kf5 Ng3+ 71. Ke6 Nh5 72. h7 Kg7 73. Ke7 Nf4 74. h8Q+ Kxh8 75. Kf7 Nxg6 1/2-1/2